|
|
|
|
| LEADER |
00000nam0a2200000 4500 |
| 001 |
164346 |
| 005 |
20231101222452.0 |
| 035 |
|
|
|a (RuTPU)RU\TPU\book\178299
|
| 090 |
|
|
|a 164346
|
| 100 |
|
|
|a 20090904d1962 m y0rusy50 ca
|
| 101 |
1 |
|
|a rus
|c eng
|
| 102 |
|
|
|a RU
|
| 105 |
|
|
|a a z 000ay
|
| 200 |
1 |
|
|a Собрание сочинений
|e в 16 т.
|e пер. с англ.
|f Дж. Голсуорси
|
| 210 |
|
|
|a Москва
|c Правда
|d 1962-
|
| 225 |
1 |
|
|a Библиотека "Огонёк"
|
| 675 |
|
|
|a 82
|v 3
|
| 700 |
|
1 |
|a Голсуорси
|b Дж.
|c английский писатель
|f 1867-1933
|g Джон
|2 stltpush
|3 (RuTPU)RU\TPU\pers\12183
|9 3218
|
| 801 |
|
1 |
|a RU
|b 63413507
|c 20090904
|
| 942 |
|
|
|c BK
|